| 000 | 00000nam##2200000za#4500 |
| 001 | 9.689520 |
| 003 | CaOODSP |
| 005 | 20250327133223 |
| 007 | cr ||||||||||| |
| 008 | 150407|2007||||xxc|||||o f|0| 0 eng|d |
| 020 | |a978-0-662-45482-3 |
| 040 | |aCaOODSP|beng |
| 043 | |an-cn--- |
| 086 | 1 |aH34-166/1-2007E-PDF |
| 110 | 1 |aCanada. |bHealth Canada. |bFirst Nations and Inuit Health Branch. |
| 245 | 10|aHealthy pregnancy |h[electronic resource] |
| 260 | |aOttawa - Ontario : |bHealth Canada. |c[2007]. |
| 300 | |a12p.|bphotographs |
| 500 | |aThe catalogue number (H34-166/1-2007E) and ISBN (978-0-662-45063-4) for the print edition have been copied in this PDF version. |
| 590 | |a11-17-Supp|b2011-09-12 |
| 690 | 07|aPregnancy|2gcpds |
| 775 | 08|t[Healthy pregnancy] |w(CaOODSP)9.674547 |
| 776 | 0#|tHealthy pregnancy |w(CaOODSP)9.650544 |
| 856 | 40|ahttp://publications.gc.ca|qPDF|s3001 KB|uhttps://publications.gc.ca/collections/collection_2011/sc-hc/H34-166-1-2007-eng.pdf |
| 986 | |aPublication Number: 3431 |